Genomes 4 / (Record no. 612292)
[ view plain ]
| 000 -LEADER | |
|---|---|
| fixed length control field | 01679cam a22003978i 4500 |
| 001 - CONTROL NUMBER | |
| control field | 19571639 |
| 003 - CONTROL NUMBER IDENTIFIER | |
| control field | NUST |
| 005 - DATE AND TIME OF LATEST TRANSACTION | |
| control field | 20241112100904.0 |
| 008 - FIXED-LENGTH DATA ELEMENTS--GENERAL INFORMATION | |
| fixed length control field | 170322s2017 nyu b 001 0 eng |
| 010 ## - LIBRARY OF CONGRESS CONTROL NUMBER | |
| LC control number | 2017013507 |
| 020 ## - INTERNATIONAL STANDARD BOOK NUMBER | |
| International Standard Book Number | 9780815345084 (alk. paper) |
| 035 ## - SYSTEM CONTROL NUMBER | |
| System control number | (DNLM)101702739 |
| 040 ## - CATALOGING SOURCE | |
| Original cataloging agency | DNLM/DLC |
| Transcribing agency | DLC |
| Description conventions | rda |
| 042 ## - AUTHENTICATION CODE | |
| Authentication code | pcc |
| 050 00 - LIBRARY OF CONGRESS CALL NUMBER | |
| Classification number | QH447 |
| 060 10 - NATIONAL LIBRARY OF MEDICINE CALL NUMBER | |
| Classification number | QU 470 |
| 082 00 - DEWEY DECIMAL CLASSIFICATION NUMBER | |
| Classification number | 572.86 |
| Edition number | 23 |
| 100 1# - MAIN ENTRY--PERSONAL NAME | |
| Personal name | Brown, T. A. |
| Fuller form of name | (Terence A.), |
| Relator term | author. |
| 9 (RLIN) | 7463 |
| 240 10 - UNIFORM TITLE | |
| Uniform title | Genomes |
| 245 10 - TITLE STATEMENT | |
| Title | Genomes 4 / |
| Statement of responsibility, etc. | Terry Brown. |
| 246 1# - VARYING FORM OF TITLE | |
| Title proper/short title | Genomes four |
| 250 ## - EDITION STATEMENT | |
| Edition statement | 4th. |
| 263 ## - PROJECTED PUBLICATION DATE | |
| Projected publication date | 1705 |
| 264 #1 - PRODUCTION, PUBLICATION, DISTRIBUTION, MANUFACTURE, AND COPYRIGHT NOTICE | |
| Place of production, publication, distribution, manufacture | New York, NY : |
| Name of producer, publisher, distributor, manufacturer | Garland Science, |
| Date of production, publication, distribution, manufacture, or copyright notice | [2017] |
| 300 ## - PHYSICAL DESCRIPTION | |
| Extent | p. ; |
| Dimensions | cm. |
| 336 ## - CONTENT TYPE | |
| Content type term | text |
| Source | rdacontent |
| 337 ## - MEDIA TYPE | |
| Media type term | unmediated |
| Source | rdamedia |
| 338 ## - CARRIER TYPE | |
| Carrier type term | volume |
| Source | rdacarrier |
| 500 ## - GENERAL NOTE | |
| General note | Preceded by: Genomes 3 / T. A. Brown. 3rd ed. New York : Garland Science, c2007. |
| 504 ## - BIBLIOGRAPHY, ETC. NOTE | |
| Bibliography, etc. note | Includes bibliographical references and index. |
| 505 0# - FORMATTED CONTENTS NOTE | |
| Formatted contents note | Genomes, transcriptomes and proteomes -- Studying DNA -- Mapping genomes -- Sequencing genomes -- Genome annotation -- Identifying gene functions -- Eukaryotic nuclear genomes -- Genomes of prokaryotes and eukaryotic organelles -- Virus genomes and mobile genetic elements -- Accessing the genome -- The role of DNA-binding proteins in genome expression -- Transcriptomes -- Proteomes -- Genome expression in the context of cell and organism -- Genome replication -- Mutations and DNA repair -- Recombination and transposition -- How genomes evolve. |
| 650 12 - SUBJECT ADDED ENTRY--TOPICAL TERM | |
| Topical term or geographic name entry element | Genome |
| 9 (RLIN) | 126871 |
| 700 ## - ADDED ENTRY--PERSONAL NAME | |
| Relator code | Catalouge By Rani Shaista Kanwal |
| 906 ## - LOCAL DATA ELEMENT F, LDF (RLIN) | |
| a | 7 |
| b | cbc |
| c | orignew |
| d | 1 |
| e | ecip |
| f | 20 |
| g | y-gencatlg |
| 942 ## - ADDED ENTRY ELEMENTS (KOHA) | |
| Source of classification or shelving scheme | |
| Koha item type | Book |
| Withdrawn status | Lost status | Source of classification or shelving scheme | Damaged status | Not for loan | Permanent Location | Current Location | Shelving location | Date acquired | Total Checkouts | Full call number | Barcode | Date last seen | Price effective from | Koha item type |
|---|---|---|---|---|---|---|---|---|---|---|---|---|---|---|
| Atta-ur-Rahman School of Applied Biosciences (ASAB) | Atta-ur-Rahman School of Applied Biosciences (ASAB) | Book Cart | 11/12/2024 | 572.86 BRO 2018 3461 | ASAB3461 | 11/12/2024 | 11/12/2024 | Book |
